ईश्वर की शरारतें (Record no. 891487)

MARC details
000 -LEADER
fixed length control field 01180nam a2200277Ia 4500
003 - CONTROL NUMBER IDENTIFIER
control field OSt
005 - DATE AND TIME OF LATEST TRANSACTION
control field 20220930190030.0
008 - FIXED-LENGTH DATA ELEMENTS--GENERAL INFORMATION
fixed length control field 220926b |||||||| |||| 00| 0 hin d
020 ## - INTERNATIONAL STANDARD BOOK NUMBER
International Standard Book Number 9788126023486 (HBK)
037 ## - SOURCE OF ACQUISITION
Terms of availability Textbook
040 ## - CATALOGING SOURCE
Original cataloging agency CRL
Transcribing agency CRL
Language of cataloging hin
041 ## - LANGUAGE CODE
Source of code hin
Language code of text/sound track or separate title hin
100 ## - MAIN ENTRY--PERSONAL NAME
Personal name एम. मुकुंदन
245 #0 - TITLE STATEMENT
Title ईश्वर की शरारतें
246 ## - VARYING FORM OF TITLE
Title proper/short title Prāchīn bhārat kī arthavyavasthā: sabhyatā ke prārambha se 1200 ī. Taka
260 ## - PUBLICATION, DISTRIBUTION, ETC.
Place of publication, distribution, etc. नई दिल्ली,
Name of publisher, distributor, etc. साहित्य अकादमी, भारत
Date of publication, distribution, etc. 2008
300 ## - PHYSICAL DESCRIPTION
Extent 298पृ0
Dimensions cm.
490 ## - SERIES STATEMENT
Series statement साहित्य अकादमी द्वारा पुरस्कृत मलयालम उपन्यास
700 ## - ADDED ENTRY--PERSONAL NAME
Personal name मोहनन, वी. टी. वी.
942 ## - ADDED ENTRY ELEMENTS (KOHA)
Classification part O33,3N42,IS, 152P8
Koha item type Textbook
Source of classification or shelving scheme Colon Classification (CC)
Holdings
Withdrawn status Lost status Damaged status Not for loan Home library Current library Date acquired Source of acquisition Cost, normal purchase price Total Checkouts Full call number Barcode Date last seen Cost, replacement price Price effective from Koha item type
        Central Library Central Library 2022-09-30 B282/08, 24/01/2009, Bharat Pustak Bhandar 160.00   O33,3N42,IS 152P8 CL1342906 2022-09-30 160.00 2022-09-30 Textbook
Copyright @ Delhi University Library System